ბათუმის შოთა რუსთაველის სახელმწიფო უნივერსიტეტის ბიბლიოთეკა

Декоративные травянистые растения открытого грунта=Ornamental Herbaceous Plants for the open Ground (ბიბ.ჩანაწერი № 45512)

000 -LEADER
fixed length control field 00676nam a2200205Ia 4500
001 - CONTROL NUMBER
control field 12337
003 - CONTROL NUMBER IDENTIFIER
control field GE_BSU
008 - FIXED-LENGTH DATA ELEMENTS--GENERAL INFORMATION
fixed length control field 181216s||||||||xx |||||||||||||| ||und||
040 ## - CATALOGING SOURCE
Transcribing agency GE_BSU
080 ## - UNIVERSAL DECIMAL CLASSIFICATION NUMBER
Universal Decimal Classification number 635.92
100 ## - MAIN ENTRY--PERSONAL NAME
Personal name Полетико,О.М.
245 ## - TITLE STATEMENT
Title Декоративные травянистые растения открытого грунта=Ornamental Herbaceous Plants for the open Ground
245 ## - TITLE STATEMENT
Statement of responsibility, etc. Отв.ред.А.Федоров
260 ## - PUBLICATION, DISTRIBUTION, ETC.
Place of publication, distribution, etc. Ленинград
260 ## - PUBLICATION, DISTRIBUTION, ETC.
Name of publisher, distributor, etc. Наука
260 ## - PUBLICATION, DISTRIBUTION, ETC.
Date of publication, distribution, etc. 1967
300 ## - PHYSICAL DESCRIPTION
Extent 207
653 ## - INDEX TERM--UNCONTROLLED
Uncontrolled term Декоративные травянистые растения открытого грунта
942 ## - ADDED ENTRY ELEMENTS (KOHA)
Koha item type წიგნი
ეგზემპლარები
Withdrawn status Lost status Damaged status Not for loan Date acquired Barcode Date last seen Price effective from Koha item type
        2018-12-17 20495 2018-12-17 2018-12-17 წიგნი